| 000 | 00988cad a22001935a 4500 | ||
|---|---|---|---|
| 001 | L152588 | ||
| 008 | 110330e2011 xxk 000 0 eng d | ||
| 035 | _a(Sirsi) u152588 | ||
| 041 | 0 | _aeng | |
| 110 | 2 |
_aUnited Kingdom _bDepartment for Environment, Food and Rural Affairs |
|
| 245 | 0 | 0 |
_aClimate resilience toolkit _h[electronic resource] |
| 260 |
_aLondon _bDEFRA _c2011 |
||
| 520 | _aClimate Resilience Toolkit the new interactive online facility by DEFRA and the Chartered Institute of Management Accountants is launched to prepare businesses for both climate risks and opportunities. The toolkit provides a tailored report for each business to help it focus on what it should be doing to prepare for contingencies such as the threat of flooding, droughts and other extreme weather. | ||
| 590 | _aKA NTK | ||
| 651 | 4 | _aUnited Kingdom | |
| 690 | _aENVIRONMENTAL AND LAND CONSULTANCY-SUSTAINABILITY | ||
| 710 |
_aChartered Institute of Management Accountants _9525 |
||
| 942 | _n0 | ||
| 999 |
_c112130 _d112130 |
||